[Event "III Festival"]
[Site "Sorrento ITA"]
[Date "1998.12.??"]
[Round "7"]
[White "Rago, Riccardo"]
[Black "Inkiov, Ventzislav V."]
[Result "0-1"]
[WhiteElo "2195"]
[BlackElo "2495"]
[PlyCount "101"]
[EventDate "1998.12.29"]

1. e4 e5 2. Nf3 Nc6 3. Bc4 Nf6 4. d3 Be7 5. O-O O-O 6. Nc3 d6 7. h3 Be6 8. Bxe6
fxe6 9. Ne2 Nh5 10. Nh2 Qe8 11. c3 Qg6 12. Be3 Rf7 13. f3 Raf8 14. g4 Bg5 15.
Qd2 Bxe3+ 16. Qxe3 Nf4 17. Nxf4 Rxf4 18. Rf2 b6 19. Nf1 Nd8 20. Ng3 Qh6 21. Kg2
Nf7 22. Raf1 Qh4 23. Nh5 Ng5 24. Nxf4 exf4 25. Qe2 Nxh3 26. Rh1 Qg3+ 27. Kf1
Nxf2 28. Qxf2 Qxf2+ 29. Kxf2 e5 30. Rh5 h6 31. Rh1 Kf7 32. Kg2 Rh8 33. Kh3 c6
34. Kg2 Kf6 35. Kf2 g6 36. Rg1 d5 37. c4 dxc4 38. dxc4 Rd8 39. Ke2 h5 40. gxh5
gxh5 41. Rh1 Rh8 42. Rd1 h4 43. Kf2 h3 44. Kg1 Rg8+ 45. Kh2 Rg3 46. Rd6+ Kg5
47. Rxc6 Rxf3 48. Re6 Re3 49. Rxe5+ Kg4 50. Re7 Re2+ 51. Kh1 0-1

[Event "I Open A"]
[Site "San Marino SMR"]
[Date "1998.06.??"]
[Round "1"]
[White "Cacco, Christian"]
[Black "Diena, Giovanni"]
[Result "1-0"]
[WhiteElo "2180"]
[BlackElo "1906"]
[PlyCount "69"]
[EventDate "1998.06.13"]

1. d4 Nf6 2. Nf3 d5 3. c4 c6 4. Nc3 Bf5 5. Bg5 h6 6. Bxf6 exf6 7. cxd5 Bb4 8.
dxc6 bxc6 9. e3 O-O 10. Bc4 Nd7 11. O-O Nb6 12. Bd3 Bxd3 13. Qxd3 Rc8 14. a3
Bxc3 15. bxc3 Qd5 16. Nd2 Rfe8 17. Rfb1 f5 18. a4 Rb8 19. Qa6 Qd7 20. Nc4 Nxc4
21. Qxc4 Rb7 22. Rb3 Reb8 23. Rab1 Qc7 24. h3 Kf8 25. Qc5+ Ke8 26. Rxb7 Rxb7
27. Rxb7 Qxb7 28. Qxf5 Qb3 29. Qc8+ Ke7 30. Qxc6 Qd1+ 31. Kh2 Qe1 32. Kg3 Qb1
33. Qc7+ Kf6 34. Qxa7 Qg6+ 35. Kh2 1-0

[Event "I Open A"]
[Site "San Marino SMR"]
[Date "1998.06.??"]
[Round "1"]
[White "Costantini, Roberto"]
[Black "Khenkin, Igor"]
[Result "0-1"]
[WhiteElo "2140"]
[BlackElo "2565"]
[PlyCount "120"]
[EventDate "1998.06.13"]

1. e4 c6 2. d4 d5 3. Nd2 dxe4 4. Nxe4 Bf5 5. Ng3 Bg6 6. N1e2 e6 7. Nf4 Qc7 8.
Bc4 Nf6 9. c3 Nbd7 10. O-O Bd6 11. Qf3 O-O-O 12. Re1 Nb6 13. Bb3 Nbd5 14. Nd3
h5 15. Ne5 Bxe5 16. Rxe5 Ng4 17. Re1 Nxh2 18. Kxh2 h4 19. Kg1 hxg3 20. Qxg3
Qxg3 21. fxg3 Rh7 22. Bg5 Rdh8 23. Kf2 Rh5 24. Bf4 Nf6 25. Bd1 Rb5 26. Bc1 Ne4+
27. Kf3 Nd6 28. Kf2 Ne4+ 29. Kf3 Nf6 30. Kf2 Be4 31. g4 Rh2 32. Bf3 Nxg4+ 33.
Kg3 Bxf3 34. gxf3 Rbh5 35. fxg4 R5h3+ 36. Kf4 Rf2+ 37. Ke4 Rg2 38. g5 f5+ 39.
Ke5 Kd7 40. Rb1 Rh4 41. Bf4 Rgg4 42. Rf1 Rh2 43. Rbe1 Rxb2 44. c4 Rxa2 45. d5
cxd5 46. cxd5 Ra5 47. Rd1 Rg2 48. Rfe1 Rb5 49. Bc1 Rg4 50. Bf4 Rh4 51. Re2 a5
52. Rh2 Rxh2 53. Bxh2 a4 54. Kf4 Rxd5 55. Rxd5+ exd5 56. Kxf5 b5 57. Kg6 b4 58.
Kxg7 b3 59. Be5 a3 60. Kf7 b2 0-1

[Event "I Open A"]
[Site "San Marino SMR"]
[Date "1998.06.??"]
[Round "1"]
[White "Dubois, Martine"]
[Black "Mantovani, Renzo"]
[Result "0-1"]
[WhiteElo "2060"]
[BlackElo "2365"]
[PlyCount "66"]
[EventDate "1998.06.13"]

1. e4 c5 2. c3 d5 3. exd5 Qxd5 4. d4 Nf6 5. Nf3 Nc6 6. Be2 e6 7. O-O cxd4 8.
cxd4 Be7 9. Nc3 Qd6 10. Nb5 Qd8 11. Bf4 O-O 12. Bc7 Qd7 13. Ne5 Nxe5 14. dxe5
Nd5 15. Rc1 a6 16. Na3 Bg5 17. Rc4 Nxc7 18. Qxd7 Bxd7 19. Rxc7 Bc6 20. Bf3 Bd8
21. Rxc6 bxc6 22. Bxc6 Rc8 23. Be4 Be7 24. Nb1 Rfd8 25. Bb7 Rc2 26. Bxa6 Rxb2
27. Bc4 Bc5 28. Bb3 Bxf2+ 29. Kh1 Bd4 30. Na3 Bxe5 31. Nc4 Re2 32. Bd1 Rf2 33.
Re1 Bc3 0-1

[Event "I Open A"]
[Site "San Marino SMR"]
[Date "1998.06.??"]
[Round "1"]
[White "Elstner, Herbert"]
[Black "Lagrotteria, Salvatore"]
[Result "1/2-1/2"]
[WhiteElo "2155"]
[BlackElo "2180"]
[PlyCount "114"]
[EventDate "1998.06.13"]

1. e4 c5 2. Nf3 Nc6 3. Bb5 g6 4. O-O Bg7 5. Re1 Nf6 6. c3 a6 7. Bf1 O-O 8. d4
cxd4 9. cxd4 d5 10. e5 Ne8 11. h3 Nc7 12. Nc3 b5 13. Be3 Bd7 14. Rc1 f6 15.
exf6 Rxf6 16. Ne5 Be8 17. Bg5 Re6 18. f4 Nxe5 19. fxe5 Rc6 20. Qb3 Bf7 21. Be2
h6 22. Be3 Rb8 23. Bf3 e6 24. Ne2 Rbb6 25. Nf4 a5 26. Qd3 g5 27. Nh5 Qe8 28.
Nxg7 Kxg7 29. Qd2 b4 30. h4 gxh4 31. Bxh6+ Kh7 32. Qg5 Qg8 33. Qxh4 Qg6 34.
Bg5+ Kg8 35. Bf6 Qh7 36. Qf4 Ne8 37. Bd1 Ra6 38. Be2 Rxc1 39. Rxc1 Ra8 40. Qe3
Qg6 41. Bd3 Qg4 42. Qg5+ Qxg5 43. Bxg5 Kg7 44. Bd2 Bg6 45. Bxg6 Kxg6 46. g4 Ra7
47. Rc5 Nc7 48. Kf2 a4 49. Bxb4 Na6 50. Ra5 Rf7+ 51. Kg3 Nxb4 52. Rxa4 Nd3 53.
Ra6 Kg5 54. Rxe6 Nf2 55. Re8 Ne4+ 56. Kg2 Rf2+ 57. Kh3 Rf3+ 1/2-1/2

[Event "I Open A"]
[Site "San Marino SMR"]
[Date "1998.06.??"]
[Round "1"]
[White "Gabriel, Christian"]
[Black "Casadei, Mauro"]
[Result "1-0"]
[WhiteElo "2555"]
[BlackElo "2130"]
[PlyCount "175"]
[EventDate "1998.06.13"]

1. d4 d5 2. c4 c6 3. Nf3 Nf6 4. Nc3 a6 5. a4 e6 6. a5 b6 7. axb6 Qxb6 8. c5 Qb7
9. Qa4 h6 10. b4 Nbd7 11. Bf4 Ne4 12. Nxe4 dxe4 13. Nd2 g5 14. Bg3 f5 15. e3 e5
16. dxe5 Bg7 17. Nc4 O-O 18. Na5 Qc7 19. Qxc6 Qxc6 20. Nxc6 f4 21. exf4 gxf4
22. Bh4 Nxe5 23. Nxe5 Bxe5 24. Bc4+ Kg7 25. Ra3 Rb8 26. O-O Rxb4 27. Bxa6 Bxa6
28. Rxa6 Rc4 29. Be7 Rf7 30. Re6 Bd4 31. c6 e3 32. Rd1 Rc2 33. Bd6 Rf6 34. Rxf6
Kxf6 35. c7 Bb6 36. Bxf4 exf2+ 37. Kf1 Bxc7 38. Bxc7 Rxc7 39. Rd2 Ra7 40. Kxf2
Ra3 41. Re2 Kg6 42. Re3 Ra5 43. Kf3 Ra2 44. Rb3 Ra4 45. Rb6+ Kg7 46. Re6 Ra3+
47. Re3 Ra4 48. h3 Kf6 49. Rb3 Ra6 50. Rb4 Ra2 51. g3 Ra5 52. Rb6+ Kg7 53. Re6
Ra4 54. Re4 Ra3+ 55. Kf4 Ra5 56. g4 Kf6 57. Rb4 Ra6 58. h4 Ra5 59. Rb6+ Kg7 60.
Re6 Ra4+ 61. Kf5 Ra5+ 62. Re5 Ra7 63. Rd5 Rb7 64. Ke6 Rb6+ 65. Rd6 Rb4 66. Rd7+
Kg8 67. Kf5 Rb5+ 68. Ke4 Rb4+ 69. Rd4 Rb6 70. Ke5 Kg7 71. Rd7+ Kg8 72. Rd6 Rb5+
73. Kf6 Rb4 74. Kf5 Kg7 75. Rg6+ Kh7 76. Re6 Kg7 77. Re7+ Kf8 78. Re4 Rb5+ 79.
Kg6 Rb6+ 80. Kh7 Kf7 81. Rf4+ Ke7 82. Kg7 Re6 83. g5 hxg5 84. hxg5 Re1 85. g6
Ke6 86. Kg8 Ra1 87. g7 Ke7 88. Rh4 1-0

[Event "I Open A"]
[Site "San Marino SMR"]
[Date "1998.06.??"]
[Round "1"]
[White "Gaggiottini, Manfredo"]
[Black "Arlandi, Ennio"]
[Result "0-1"]
[WhiteElo "2105"]
[BlackElo "2425"]
[PlyCount "92"]
[EventDate "1998.06.13"]

1. e4 c5 2. Nf3 e6 3. Nc3 a6 4. a4 Nc6 5. Bc4 Nf6 6. Qe2 d6 7. d3 Be7 8. h3 O-O
9. Ba2 Nd4 10. Nxd4 cxd4 11. Nd1 Qa5+ 12. c3 Qxa4 13. g4 dxc3 14. bxc3 Qd7 15.
g5 Ne8 16. h4 b5 17. h5 Bb7 18. Qg4 Kh8 19. Rg1 Rd8 20. Ne3 d5 21. g6 f5 22.
Qg2 dxe4 23. h6 exd3 24. hxg7+ Nxg7 25. Bd5 Bxd5 26. Qh2 h5 27. Qf4 Bg5 28.
Qxg5 Kg8 29. Qh6 Ne8 30. Nxd5 exd5 31. Rxa6 Qg7 32. Qh7+ Qxh7 33. gxh7+ Kh8 34.
Bh6 Rf7 35. Rag6 Rd6 36. Rg8+ Kxh7 37. Bf4 Re6+ 38. Kd2 Nf6 39. Rb8 Ne4+ 40.
Kxd3 Nxf2+ 41. Kc2 Nh3 42. Rf1 Nxf4 43. Rxf4 Re4 44. Rxe4 dxe4 45. Rxb5 Kg6 46.
c4 Kg5 0-1

[Event "I Open A"]
[Site "San Marino SMR"]
[Date "1998.06.??"]
[Round "1"]
[White "Giorgadze, Giorgi"]
[Black "Tocco, Paolo"]
[Result "1-0"]
[WhiteElo "2605"]
[BlackElo "2150"]
[PlyCount "105"]
[EventDate "1998.06.13"]

1. d4 f5 2. Nf3 Nf6 3. g3 g6 4. Bg2 Bg7 5. O-O O-O 6. b4 d6 7. Bb2 h6 8. c4 g5
9. d5 a5 10. a3 axb4 11. axb4 Rxa1 12. Bxa1 Na6 13. Qb3 Kh8 14. Nbd2 Qe8 15.
Nd4 Qh5 16. f4 Qg6 17. e3 Bd7 18. Rc1 h5 19. N4f3 gxf4 20. exf4 Ng4 21. Nh4 Qf7
22. Bc3 Bf6 23. h3 Nh6 24. Bf3 Kh7 25. Bxf6 Qxf6 26. Nf1 Rg8 27. Kh2 Qd4 28.
Bg2 c6 29. Re1 Rg7 30. Nf3 Qb6 31. Ng5+ Kh8 32. Ne6 Bxe6 33. Rxe6 Kh7 34. dxc6
bxc6 35. Qf3 Nc7 36. Re3 d5 37. cxd5 Nxd5 38. Re6 Nf6 39. Qc3 Qf2 40. Qe1 Qb6
41. Bf3 Qa7 42. Rxc6 Qa2+ 43. Qe2 Qa4 44. Rc4 Qb3 45. Kg2 h4 46. Qc2 Qa3 47. b5
Qd6 48. Qb2 hxg3 49. b6 Nd5 50. b7 Rg8 51. Qd4 e6 52. Bxd5 exd5 53. Rc8 1-0

[Event "I Open A"]
[Site "San Marino SMR"]
[Date "1998.06.??"]
[Round "1"]
[White "Isonzo, David"]
[Black "Ravagnani, Tiziano"]
[Result "1-0"]
[WhiteElo "2235"]
[BlackElo "2015"]
[PlyCount "41"]
[EventDate "1998.06.13"]

1. e4 c5 2. Nf3 Nc6 3. d4 cxd4 4. Nxd4 Nf6 5. Nc3 e5 6. Ndb5 d6 7. Bg5 a6 8.
Na3 b5 9. Bxf6 gxf6 10. Nd5 f5 11. Bxb5 axb5 12. Nxb5 Ra5 13. Nbc7+ Kd7 14. Qh5
Nd4 15. O-O Ba6 16. c3 Bxf1 17. cxd4 exd4 18. Qxf7+ Kc8 19. Ne6 Bc4 20. Nxd8
Bxd5 21. exd5 1-0

[Event "I Open A"]
[Site "San Marino SMR"]
[Date "1998.06.??"]
[Round "1"]
[White "Krumm, Johannes"]
[Black "Wojtkiewicz, Aleksander"]
[Result "0-1"]
[WhiteElo "2115"]
[BlackElo "2535"]
[PlyCount "53"]
[EventDate "1998.06.13"]

1. e4 c5 2. Nf3 d6 3. d4 cxd4 4. Nxd4 Nf6 5. Nc3 a6 6. Bg5 e6 7. Be2 Nbd7 8.
O-O b5 9. a3 Bb7 10. Bf3 Be7 11. Qe2 Ne5 12. Rad1 O-O 13. Bf4 Qc7 14. Nb3 Nc4
15. Bc1 Rac8 16. Nb1 Ne5 17. Nc3 d5 18. Nd4 b4 19. axb4 Bxb4 20. exd5 Nxf3+ 21.
Nxf3 Nxd5 22. Nxd5 Bxd5 23. c4 Bxc4 24. Qe4 Bxf1 25. Ng5 g6 26. Qh4 h5 27. Qxb4
0-1

[Event "I Open A"]
[Site "San Marino SMR"]
[Date "1998.06.??"]
[Round "1"]
[White "Lanzani, Mario"]
[Black "Lapiccirella, Mattia"]
[Result "1-0"]
[WhiteElo "2375"]
[BlackElo "2095"]
[PlyCount "89"]
[EventDate "1998.06.13"]

1. e4 c5 2. Nf3 Nc6 3. Bb5 g6 4. Bxc6 dxc6 5. d3 Bg7 6. O-O Nf6 7. Nc3 O-O 8.
Be3 b6 9. h3 h6 10. a4 a5 11. Qd2 Kh7 12. Rad1 Ba6 13. Rfe1 Re8 14. Bf4 e6 15.
Ne5 Nh5 16. Bh2 Bxe5 17. Bxe5 f6 18. Bh2 e5 19. f4 Qd4+ 20. Kh1 g5 21. fxe5
fxe5 22. Rf1 Rf8 23. b3 Rae8 24. Ne2 Qd6 25. Ng3 Nf4 26. Nf5 Qc7 27. g3 Ne6 28.
Qe2 Ng7 29. Nxg7 Kxg7 30. Qh5 Rf7 31. Rxf7+ Qxf7 32. Qxf7+ Kxf7 33. g4 Kg6 34.
Kg2 Bc8 35. Rf1 Bd7 36. Bg3 Kg7 37. Be1 Kg6 38. Bc3 Kg7 39. Kg3 Re7 40. h4
gxh4+ 41. Kxh4 Re6 42. Rf5 Rg6 43. Bxe5+ Kg8 44. Rf4 b5 45. c4 1-0

[Event "I Open A"]
[Site "San Marino SMR"]
[Date "1998.06.??"]
[Round "1"]
[White "Maccapani, Massimiliano"]
[Black "Hacker, Christian"]
[Result "1/2-1/2"]
[WhiteElo "1982"]
[BlackElo "2190"]
[PlyCount "37"]
[EventDate "1998.06.13"]

1. e4 e5 2. Nf3 Nc6 3. c3 Nf6 4. d4 Nxe4 5. d5 Nb8 6. Nxe5 Qe7 7. Qd4 d6 8.
Qxe4 Qxe5 9. Qxe5+ dxe5 10. Bd3 Nd7 11. O-O Nf6 12. c4 Bc5 13. Nc3 O-O 14. Bg5
Nd7 15. Rab1 a5 16. Rfe1 f5 17. Nb5 h6 18. Bd2 Bd6 19. a3 1/2-1/2

[Event "I Open A"]
[Site "San Marino SMR"]
[Date "1998.06.??"]
[Round "1"]
[White "Magalotti, Andrea"]
[Black "Genocchio, Daniele"]
[Result "1-0"]
[WhiteElo "2145"]
[BlackElo "2155"]
[PlyCount "91"]
[EventDate "1998.06.13"]

1. e4 c5 2. Nf3 d6 3. d4 cxd4 4. Nxd4 Nf6 5. Nc3 g6 6. g3 Bg7 7. Bg2 O-O 8. O-O
Nc6 9. Nde2 Rb8 10. h3 b5 11. Be3 a5 12. Nd5 Be6 13. Nef4 Bxd5 14. exd5 Ne5 15.
b3 Qc8 16. Bd4 Nfd7 17. Qd2 Qa6 18. Rfe1 a4 19. Ne2 Nf6 20. f4 Ned7 21. Bf2 Nb6
22. Rad1 Rbc8 23. Nc1 Rc7 24. Qe3 Rb8 25. Qd3 Rbc8 26. Rd2 Nh5 27. Ne2 Nf6 28.
Bd4 Nbd7 29. Bb2 a3 30. Ba1 Nc5 31. Qe3 Qa5 32. Nd4 Nfe4 33. Rde2 f5 34. Nc6
Rxc6 35. dxc6 Bb2 36. Rb1 Bxa1 37. Rxa1 Rxc6 38. Rb1 Qb4 39. Rc1 Qa5 40. c3 b4
41. cxb4 Qxb4 42. Rc4 Qa5 43. Kh2 e6 44. Rec2 d5 45. b4 d4 46. Qxd4 1-0

[Event "I Open A"]
[Site "San Marino SMR"]
[Date "1998.06.??"]
[Round "1"]
[White "Schmitz, Andreas Arnold"]
[Black "Ortega, Lexy"]
[Result "0-1"]
[WhiteElo "2115"]
[BlackElo "2475"]
[PlyCount "82"]
[EventDate "1998.06.13"]

1. e4 c5 2. c3 d5 3. exd5 Qxd5 4. d4 Nf6 5. Nf3 Bg4 6. Be2 e6 7. Na3 Nc6 8. Nc2
cxd4 9. Ncxd4 O-O-O 10. Nxc6 Qxc6 11. Qb3 Bc5 12. O-O Qe4 13. Qc4 Qxc4 14. Bxc4
Ne4 15. Be2 e5 16. Be3 Bxe3 17. fxe3 f6 18. Rfd1 Kc7 19. Rxd8 Rxd8 20. Rd1 Nc5
21. Rxd8 Kxd8 22. b3 Ne4 23. Nd2 Nxd2 24. Bxg4 Ne4 25. c4 Nc3 26. a3 g6 27. Kf2
Nb1 28. Ke1 a5 29. Bf3 Kc7 30. Kd1 Nxa3 31. Kc1 b5 32. Kb2 b4 33. g4 Kd6 34.
Be4 a4 35. h4 axb3 36. Kxb3 Kc5 37. Bd3 e4 38. Be2 h6 39. Bd1 g5 40. h5 Nb1 41.
Kc2 Nc3 0-1

[Event "I Open A"]
[Site "San Marino SMR"]
[Date "1998.06.??"]
[Round "1"]
[White "Schmitz, Manuela"]
[Black "Schaefer, Michael"]
[Result "0-1"]
[WhiteElo "2010"]
[BlackElo "2210"]
[PlyCount "90"]
[EventDate "1998.06.13"]

1. d4 d5 2. c4 e6 3. Nc3 c6 4. cxd5 exd5 5. Nf3 Bf5 6. Bf4 Qb6 7. Qd2 Nf6 8. a3
Be7 9. e3 Nbd7 10. Be2 O-O 11. O-O a5 12. Bd3 Bxd3 13. Qxd3 Nh5 14. Bg5 Bxg5
15. Nxg5 Nhf6 16. Qe2 h6 17. Nf3 Rfe8 18. Rac1 Qd8 19. Rfd1 Nb6 20. Ne5 Nfd7
21. Nxd7 Nxd7 22. Na4 Re6 23. Nc5 Nxc5 24. dxc5 h5 25. Qc2 Qg5 26. Qe2 Rg6 27.
Qf3 h4 28. Qh3 Re8 29. f4 Qe7 30. Rc3 Re6 31. Rdd3 b5 32. Kf2 b4 33. axb4 axb4
34. Rc2 Rf6 35. Qxh4 Qe4 36. Rcd2 g5 37. Qg4 Kf8 38. g3 gxf4 39. gxf4 Rh6 40.
Qg2 Qh7 41. Ke1 Ra8 42. Kd1 Rh3 43. Qe2 b3 44. Qg4 Ra1+ 45. Ke2 Rxh2+ 0-1

[Event "I Open A"]
[Site "San Marino SMR"]
[Date "1998.06.??"]
[Round "1"]
[White "Slobodjan, Roman"]
[Black "Mordiglia, Riccardo"]
[Result "1-0"]
[WhiteElo "2530"]
[BlackElo "2115"]
[PlyCount "113"]
[EventDate "1998.06.13"]

1. e4 d5 2. exd5 Nf6 3. Nf3 Nxd5 4. d4 Bg4 5. h3 Bxf3 6. Qxf3 c6 7. Bc4 e6 8.
O-O Be7 9. Nd2 Nd7 10. Re1 O-O 11. Bb3 N5f6 12. c3 Nb6 13. Qe2 c5 14. dxc5 Bxc5
15. Nf3 Qc7 16. Bc2 a5 17. Ne5 Nbd7 18. Bf4 Nxe5 19. Bxe5 Bd6 20. Bxf6 gxf6 21.
Qh5 f5 22. g4 Kh8 23. gxf5 Rg8+ 24. Kh1 Qc6+ 25. Be4 Qc5 26. Re2 Qe5 27. f4
Qxf4 28. fxe6 Rg7 29. exf7 Qxf7 30. Qxf7 Rxf7 31. Bd5 Rg7 32. Rae1 Rd7 33. Rg2
Rg7 34. Reg1 Rxg2 35. Rxg2 Rb8 36. Kg1 b6 37. Kf2 Re8 38. Kf3 Bc5 39. a3 Rd8
40. Ke4 Re8+ 41. Kf5 Bd6 42. Bf7 Rc8 43. Ke6 Bc5 44. Kd7 Rf8 45. Bd5 Be3 46.
Kc7 Bc5 47. Kb7 Be3 48. Ka6 Bc5 49. Kb5 Be3 50. Re2 Bg1 51. b4 axb4 52. axb4
Rb8 53. Re7 h6 54. h4 Bf2 55. Re6 Kg7 56. h5 Rd8 57. Rg6+ 1-0

[Event "I Open A"]
[Site "San Marino SMR"]
[Date "1998.06.??"]
[Round "1"]
[White "Sulava, Nenad"]
[Black "Prelati, Maurizio"]
[Result "1-0"]
[WhiteElo "2450"]
[BlackElo "2110"]
[PlyCount "103"]
[EventDate "1998.06.13"]

1. d4 Nf6 2. c4 g6 3. Nc3 Bg7 4. e4 d6 5. Nf3 O-O 6. Be2 e5 7. O-O Nc6 8. d5
Ne7 9. Ne1 Ne8 10. Be3 f5 11. f3 c5 12. dxc6 bxc6 13. Nc2 Nf6 14. Qd2 Be6 15.
Rfd1 d5 16. cxd5 cxd5 17. exd5 Nexd5 18. Nxd5 Nxd5 19. Bc4 Nf4 20. Qb4 Qc8 21.
Bxe6+ Qxe6 22. Rd6 Rab8 23. Qd2 Qc4 24. b3 Qc3 25. Rd1 Qxd2 26. R1xd2 a5 27. g3
Nh5 28. Kg2 f4 29. Bf2 fxg3 30. hxg3 Rf6 31. Rd8+ Rf8 32. R8d5 Rbc8 33. Ne1 Rc3
34. Rxa5 e4 35. fxe4 Nf6 36. Ra7 Nxe4 37. Rxg7+ Kxg7 38. Bd4+ Kg8 39. Bxc3 Nxd2
40. Bxd2 Ra8 41. a4 Kf7 42. Kf3 Ke6 43. Ke4 Rd8 44. Nd3 Kd6 45. Kd4 Kc6+ 46.
Kc4 Re8 47. Bc3 Re3 48. Be5 h5 49. b4 g5 50. b5+ Kb7 51. a5 h4 52. a6+ 1-0

[Event "I Open A"]
[Site "San Marino SMR"]
[Date "1998.06.??"]
[Round "2"]
[White "Arlandi, Ennio"]
[Black "Magalotti, Andrea"]
[Result "1-0"]
[WhiteElo "2425"]
[BlackElo "2145"]
[PlyCount "119"]
[EventDate "1998.06.13"]

1. d4 Nf6 2. c4 e5 3. dxe5 Ng4 4. e3 Nxe5 5. Nh3 Ng6 6. Nc3 Bb4 7. Bd2 d6 8. g3
O-O 9. Nf4 Nc6 10. a3 Bxc3 11. Bxc3 Nce5 12. Be2 Bf5 13. h4 Be4 14. f3 Bc6 15.
Nd5 Bxd5 16. cxd5 Re8 17. Qd4 f6 18. O-O-O Nf7 19. h5 Nf8 20. Bb5 Re7 21. f4 h6
22. Rde1 a6 23. Ba4 Rc8 24. g4 c5 25. dxc6 Ne6 26. Qd5 bxc6 27. Qf5 Nf8 28. Qd3
Qb6 29. Bc2 Rce8 30. Rh3 Qb5 31. Qxb5 axb5 32. Kd2 Nd7 33. b4 Kf8 34. a4 Nb6
35. a5 Nc4+ 36. Kd3 Nd8 37. Bb3 d5 38. Bd4 Ne6 39. Rf3 Nxd4 40. Kxd4 Re4+ 41.
Kd3 d4 42. Bxc4 bxc4+ 43. Kxc4 dxe3+ 44. Kc5 Rb8 45. Rexe3 Rexb4 46. Ra3 R4b7
47. a6 Ra7 48. Kxc6 Ke7 49. Rfe3+ Kf7 50. Red3 Ke7 51. Ra4 Ke8 52. Rd6 Ke7 53.
Kc5 Rb1 54. Re4+ Kf7 55. Rb4 Rc1+ 56. Kb6 Re7 57. f5 Ra1 58. Rd8 Ra2 59. Rb8
Re5 60. Ka7 1-0

[Event "I Open A"]
[Site "San Marino SMR"]
[Date "1998.06.??"]
[Round "2"]
[White "Diena, Giovanni"]
[Black "Schmitz, Andreas Arnold"]
[Result "0-1"]
[WhiteElo "1906"]
[BlackElo "2115"]
[PlyCount "90"]
[EventDate "1998.06.13"]

1. c4 c5 2. Nc3 b6 3. Nf3 Bb7 4. d3 Nf6 5. Bf4 e6 6. e4 d6 7. a4 a5 8. Be2 Be7
9. O-O O-O 10. e5 dxe5 11. Nxe5 Nbd7 12. Nb5 Nxe5 13. Bxe5 Nd7 14. Bg3 e5 15.
Bf3 Bxf3 16. Qxf3 Bh4 17. Nc3 Bxg3 18. Qxg3 Nf6 19. Rad1 Qd4 20. Qe3 Rad8 21.
Qxd4 Rxd4 22. Nb5 Rd7 23. Rfe1 Rfd8 24. Rxe5 Rxd3 25. Rxd3 Rxd3 26. Kf1 Rb3 27.
Re7 Rxb2 28. Rb7 h6 29. Rxb6 Ng4 30. Ra6 Rxf2+ 31. Ke1 Rxg2 32. Rxa5 Ne5 33.
Ra8+ Kh7 34. Nd6 Rxh2 35. a5 Nf3+ 36. Kf1 Rd2 37. Nb7 Nh2+ 38. Kg1 Nf3+ 39. Kf1
Ra2 40. a6 Nd2+ 41. Ke1 Nxc4 42. Nxc5 g5 43. Nd7 Kg7 44. a7 h5 45. Rc8 Rxa7 0-1

[Event "I Open A"]
[Site "San Marino SMR"]
[Date "1998.06.??"]
[Round "2"]
[White "Genocchio, Daniele"]
[Black "Gaggiottini, Manfredo"]
[Result "1-0"]
[WhiteElo "2155"]
[BlackElo "2105"]
[PlyCount "53"]
[EventDate "1998.06.13"]

1. e4 c6 2. d4 d5 3. Nc3 dxe4 4. f3 e5 5. dxe5 Qxd1+ 6. Nxd1 exf3 7. Nxf3 Bg4
8. Nf2 Be6 9. Nd4 b5 10. a4 b4 11. Nxe6 fxe6 12. Bc4 Kd7 13. Ne4 Ne7 14. Nc5+
Kc8 15. Bxe6+ Kc7 16. O-O Nd5 17. Rf7+ Kb6 18. Ne4 a5 19. c4 bxc3 20. bxc3 Bc5+
21. Kf1 Nxc3 22. Nxc5 Kxc5 23. Be3+ Kb4 24. Rb7+ Nb5 25. axb5 Re8 26. bxc6+ Kc3
27. Rb3+ 1-0

[Event "I Open A"]
[Site "San Marino SMR"]
[Date "1998.06.??"]
[Round "2"]
[White "Hacker, Christian"]
[Black "Elstner, Herbert"]
[Result "1/2-1/2"]
[WhiteElo "2190"]
[BlackElo "2155"]
[PlyCount "63"]
[EventDate "1998.06.13"]

1. e4 e5 2. Nf3 Nc6 3. Nc3 Bc5 4. Nxe5 Nxe5 5. d4 Bd6 6. dxe5 Bxe5 7. Bc4 Bxc3+
8. bxc3 d6 9. e5 Qe7 10. O-O dxe5 11. Re1 f6 12. a4 Be6 13. Ba3 Qd7 14. Bxe6
Qxe6 15. f4 Ne7 16. Bxe7 Qxe7 17. fxe5 O-O 18. Qd5+ Kh8 19. e6 c6 20. Qd7 Qxd7
21. exd7 Rad8 22. Re7 Kg8 23. Rb1 b6 24. a5 Rf7 25. Re8+ Rf8 26. Re7 Rf7 27.
Re8+ Rf8 28. axb6 axb6 29. Rxb6 Rxd7 30. Rxf8+ Kxf8 31. Rxc6 Kf7 32. Kf2
1/2-1/2

[Event "I Open A"]
[Site "San Marino SMR"]
[Date "1998.06.??"]
[Round "2"]
[White "Khenkin, Igor"]
[Black "Isonzo, David"]
[Result "1-0"]
[WhiteElo "2565"]
[BlackElo "2235"]
[PlyCount "71"]
[EventDate "1998.06.13"]

1. d4 Nf6 2. c4 g6 3. Nc3 Bg7 4. e4 d6 5. f3 O-O 6. Nge2 Nbd7 7. Bg5 c5 8. d5
a6 9. a4 Ne5 10. Ng3 e6 11. Be2 exd5 12. cxd5 h6 13. Be3 Nh7 14. O-O h5 15. Qd2
h4 16. Nh1 f5 17. Nf2 Bd7 18. Kh1 Rb8 19. a5 b5 20. axb6 Qxb6 21. Rxa6 Qxb2 22.
Qxb2 Rxb2 23. Rxd6 f4 24. Bxc5 Rc8 25. Bd4 Rd2 26. Bxe5 Bxe5 27. Rxd7 Rxc3 28.
Ng4 Bd4 29. Ba6 h3 30. gxh3 Rcc2 31. e5 Bxe5 32. Bd3 Rxd3 33. Nxe5 Rdd2 34. Ng4
Kh8 35. Re1 Nf6 36. Rf7 1-0

[Event "I Open A"]
[Site "San Marino SMR"]
[Date "1998.06.??"]
[Round "2"]
[White "Lagrotteria, Salvatore"]
[Black "Maccapani, Massimiliano"]
[Result "1/2-1/2"]
[WhiteElo "2180"]
[BlackElo "1982"]
[PlyCount "22"]
[EventDate "1998.06.13"]

1. Nf3 c5 2. c4 Nf6 3. Nc3 d6 4. g3 b6 5. Bg2 Bb7 6. O-O g6 7. d3 Bg7 8. e4 O-O
9. h3 Nc6 10. Be3 Nd7 11. Qd2 Nd4 1/2-1/2

[Event "I Open A"]
[Site "San Marino SMR"]
[Date "1998.06.??"]
[Round "2"]
[White "Lanzani, Mario"]
[Black "Giorgadze, Giorgi"]
[Result "1/2-1/2"]
[WhiteElo "2375"]
[BlackElo "2605"]
[PlyCount "105"]
[EventDate "1998.06.13"]

1. e4 e5 2. Nf3 Nc6 3. Nc3 Nf6 4. Bb5 Nd4 5. Nxd4 exd4 6. e5 dxc3 7. exf6 Qxf6
8. dxc3 Qe5+ 9. Qe2 Qxe2+ 10. Bxe2 d5 11. Bf4 c6 12. O-O Bc5 13. Rfe1 O-O 14.
a4 a5 15. Bd3 Bd7 16. Kf1 Rfe8 17. Rxe8+ Rxe8 18. Re1 Ra8 19. Be5 b5 20. axb5
cxb5 21. Bd4 Bxd4 22. cxd4 Kf8 23. Ke2 Ke7 24. Kd2+ Kd8 25. h4 h5 26. Re5 g6
27. Re1 Rc8 28. Re3 Rb8 29. Rf3 Be6 30. Re3 a4 31. c3 b4 32. cxb4 Rxb4 33. Kc3
Rb3+ 34. Kc2 Rb8 35. Re1 Bd7 36. Re3 Bg4 37. Re1 Rb4 38. Kc3 Rb3+ 39. Kc2 Bd7
40. Re3 Rb7 41. Rf3 Bg4 42. Rf6 Be6 43. Rf3 Ra7 44. Re3 a3 45. bxa3 Rxa3 46.
Kb2 Ra4 47. Kc3 Ra2 48. Re2 Ra1 49. Kd2 Bg4 50. Re1 Ra2+ 51. Ke3 Ra3 52. Kd2
Bd7 53. Rc1 1/2-1/2

[Event "I Open A"]
[Site "San Marino SMR"]
[Date "1998.06.??"]
[Round "2"]
[White "Mantovani, Renzo"]
[Black "Gabriel, Christian"]
[Result "1/2-1/2"]
[WhiteElo "2365"]
[BlackElo "2555"]
[PlyCount "58"]
[EventDate "1998.06.13"]

1. e4 e5 2. Nf3 Nc6 3. Bb5 a6 4. Bxc6 dxc6 5. O-O f6 6. d4 exd4 7. Nxd4 c5 8.
Nf5 Qxd1 9. Rxd1 Bxf5 10. exf5 Bd6 11. Rd3 Ne7 12. Rf3 O-O-O 13. Nc3 Be5 14.
Be3 b6 15. Re1 Rd7 16. Kf1 Rhd8 17. a3 Nc6 18. Ke2 Bd4 19. Bf4 c4 20. Kf1 Be5
21. Bxe5 Nxe5 22. Rfe3 Nc6 23. g4 Rd2 24. R1e2 Rxe2 25. Rxe2 h5 26. h3 hxg4 27.
hxg4 Nd4 28. Rd2 c5 29. Ne4 Nf3 1/2-1/2

[Event "I Open A"]
[Site "San Marino SMR"]
[Date "1998.06.??"]
[Round "2"]
[White "Mordiglia, Riccardo"]
[Black "Schmitz, Manuela"]
[Result "1/2-1/2"]
[WhiteElo "2115"]
[BlackElo "2010"]
[PlyCount "58"]
[EventDate "1998.06.13"]

1. Nc3 d5 2. e4 e6 3. d4 Bb4 4. a3 Bxc3+ 5. bxc3 dxe4 6. f3 c5 7. Bb5+ Bd7 8.
Qe2 e3 9. Bxe3 Qa5 10. Bxd7+ Nxd7 11. Qd2 Ngf6 12. Ne2 O-O 13. O-O Rfd8 14. Bg5
h6 15. Bf4 e5 16. Be3 cxd4 17. cxd4 Qxd2 18. Bxd2 exd4 19. Nxd4 Nb6 20. Be3 Nc4
21. Bf2 Rd7 22. Rfe1 Rad8 23. Nb3 b6 24. a4 Nd2 25. a5 Nxb3 26. cxb3 bxa5 27.
Rxa5 Rb8 28. Rxa7 Rxa7 29. Bxa7 Rxb3 1/2-1/2